000 00298nam a22001337a 4500
008 210304b ||||| |||| 00| 0 eng d
020 _a9780974165363
041 _aeng
080 _23th
_a611
100 _a7
101 _aANA
245 _aCardiovascular Physiology
_cBaker,D.R
942 _2udc
_cBK
999 _c55729
_d55729